[Event "Wch U18"]
[Site "Kemer"]
[Date "2009.11.21"]
[Round "10"]
[White "Karayev, Assylkhan"]
[Black "Tiraturyan, David"]
[Result "1-0"]
[WhiteElo "2275"]
[BlackElo "2158"]
[PlyCount "71"]
[EventDate "2009.11.12"]
[EventType "swiss"]
[EventRounds "11"]
[EventCountry "TUR"]
[SourceTitle "EXT 2010"]
[Source "ChessBase"]
[SourceDate "2010.11.25"]
[SourceVersion "1"]
[SourceVersionDate "2010.11.25"]
[SourceQuality "1"]

1. e4 c5 2. Nf3 d6 3. Bb5+ Bd7 4. Bxd7+ Nxd7 5. 0-0 Ngf6 6. Qe2 e6 7. c3 Rc8 8. d4 cxd4 9. cxd4 Nb6 10. Nc3 Be7 11. a4 0-0 12. Bg5 d5 13. Bxf6 Bxf6 14. e5 Be7 15. a5 Nc4 16. a6 Qb6 17. Na4 Qb4 18. axb7 Qxb7 19. h4 Na5 20. Nc5 Bxc5 21. Rxa5 Bb6 22. Ra3 Qc6 23. Rc3 Qa4 24. Qd3 h6 25. Rfc1 Rxc3 26. Qxc3 Qb5 27. Rc2 Rb8 28. g4 Ba5 29. Qa3 Qb3 30. Rc8+ Kh7 31. Rxb8 Qxb8 32. Qxa5 Qxb2 33. Qxa7 Qb1+ 34. Kg2 Kg8 35. Qa8+ Kh7 36. Qe8 1-0

[Event "Wch U18"]
[Site "Kemer"]
[Date "2009.11.15"]
[Round "4"]
[White "Bukavshin, Ivan"]
[Black "Tiraturyan, David"]
[Result "1-0"]
[WhiteElo "2426"]
[BlackElo "2158"]
[PlyCount "79"]
[EventDate "2009.11.12"]
[EventType "swiss"]
[EventRounds "11"]
[EventCountry "TUR"]
[SourceTitle "EXT 2010"]
[Source "ChessBase"]
[SourceDate "2010.11.25"]
[SourceVersion "1"]
[SourceVersionDate "2010.11.25"]
[SourceQuality "1"]

1. e4 c5 2. Nf3 d6 3. d4 cxd4 4. Nxd4 Nf6 5. Nc3 g6 6. Be3 Bg7 7. f3 0-0 8. Qd2 Nc6 9. 0-0-0 Nxd4 10. Bxd4 Be6 11. Kb1 a6 12. h4 b5 13. h5 b4 14. Ne2 Qa5 15. b3 Rfc8 16. Nf4 Bd7 17. Bb2 Qg5 18. hxg6 hxg6 19. g4 a5 20. Qh2 Rc3 21. Bc4 a4 22. Rd3 axb3 23. Bxb3 Rac8 24. Ne2 Rxd3 25. cxd3 Bb5 26. Nf4 Rc3 27. Bxc3 bxc3 28. Kc2 Kf8 29. d4 Ba6 30. e5 dxe5 31. dxe5 Nxg4 32. fxg4 Bxe5 33. Rd1 e6 34. Nh3 Qe3 35. Qf2 Qxh3 36. Qc5+ Kg8 37. Rd8+ Kh7 38. Qxe5 Qg2+ 39. Kxc3 Qf3+ 40. Kb4 1-0

[Event "Wch U18"]
[Site "Kemer"]
[Date "2009.11.14"]
[Round "3"]
[White "Tiraturyan, David"]
[Black "Poetsch, Hagen"]
[Result "0-1"]
[WhiteElo "2158"]
[BlackElo "2361"]
[PlyCount "68"]
[EventDate "2009.11.12"]
[EventType "swiss"]
[EventRounds "11"]
[EventCountry "TUR"]
[SourceTitle "EXT 2010"]
[Source "ChessBase"]
[SourceDate "2010.11.25"]
[SourceVersion "1"]
[SourceVersionDate "2010.11.25"]
[SourceQuality "1"]

1. e4 d5 2. exd5 Qxd5 3. Nf3 Bg4 4. Be2 Nc6 5. 0-0 0-0-0 6. Nc3 Qa5 7. a3 e6 8. d3 Nf6 9. Bd2 Qf5 10. Ng5 Bxe2 11. Nxe2 Rd7 12. b4 Bd6 13. f4 h6 14. Ng3 Qd5 15. Be3 Bxf4 16. Rxf4 hxg5 17. Rf1 Ne5 18. c4 Qxd3 19. Qxd3 Rxd3 20. Bxg5 Nfg4 21. Bf4 Nxc4 22. Rac1 b5 23. Ne4 Rxa3 24. Ra1 Rxa1 25. Rxa1 e5 26. Bg3 Kb8 27. Nc5 Rd8 28. Na6+ Kb7 29. Nc5+ Ka8 30. Na6 c6 31. Nc5 Nge3 32. Ra6 Rd6 33. Ne4 Rg6 34. h4 Rg4 0-1

[Event "Wch U18"]
[Site "Kemer"]
[Date "2009.11.12"]
[Round "1"]
[White "Tiraturyan, David"]
[Black "Shukh, Nikolai"]
[Result "0-1"]
[WhiteElo "2158"]
[BlackElo "2438"]
[PlyCount "112"]
[EventDate "2009.11.12"]
[EventType "swiss"]
[EventRounds "11"]
[EventCountry "TUR"]
[SourceTitle "EXT 2010"]
[Source "ChessBase"]
[SourceDate "2010.11.25"]
[SourceVersion "1"]
[SourceVersionDate "2010.11.25"]
[SourceQuality "1"]

1. e4 c5 2. Nf3 d6 3. Bb5+ Nd7 4. 0-0 Ngf6 5. Re1 a6 6. Bxd7+ Nxd7 7. d4 e6 8. dxc5 Nxc5 9. Qd4 f6 10. a4 Be7 11. b4 Nd7 12. Nbd2 0-0 13. Qc4 Ne5 14. Qb3 Kh8 15. Bb2 Nxf3+ 16. Nxf3 e5 17. Red1 Qe8 18. Nd2 f5 19. Nc4 Be6 20. exf5 Rxf5 21. Qd3 Qf8 22. f3 Rh5 23. Nb6 Rd8 24. Nd5 Bg5 25. Bc1 Bxc1 26. Raxc1 Bxd5 27. Qxd5 Qf4 28. h3 Qxb4 29. c4 Rh4 30. c5 Rd4 31. Rxd4 Qxd4+ 32. Qxd4 exd4 33. cxd6 h6 34. Rc7 d3 35. Rxb7 d2 36. Rb1 Rc8 37. d7 Rc1+ 38. Kh2 d1Q 39. Rxc1 Qd6+ 40. Kh1 Qxd7 41. Rc4 Kh7 42. Rg4 h5 43. Re4 Qd5 44. Kh2 Kg6 45. Kg3 Kf5 46. Rf4+ Ke6 47. Re4+ Kd6 48. Kf2 Qd2+ 49. Kg3 Kd5 50. Kh2 a5 51. Rh4 Qg5 52. Re4 Qf5 53. Kg3 g5 54. h4 g4 55. Rf4 Qd3 56. Rf8 Kc4 0-1